000 00454nam a22001937a 4500
003 UA-OsUOA
001 3064
007 ta
008 20050721b un ||||| |||| 00| 0 ukr d
100 _aГрицак
700 _aЄ.
700 _aКисіл
700 _aК.
942 _cBK
040 _aUA-OsUOA
_cUA-OsUOA
_dUA-OsUOA
245 _aУкраїнсько-польський, пол-укр. словник.
_bPolish
955 _a2
650 7 _2UDC
999 _c289226
_d289226